000 00445nam a22001697a 4500
005 20240110115314.0
008 210306b ||||| |||| 00| 0 eng d
020 _a978-81-219-4245-4
041 _aeng
082 _a615.19
100 _aJAYAVEERA, DR. K.N , SUBRAMANYAM Dr. SAND REDDY Dr. K. YOGANANDA
_98252
245 _aPRACTICAL MEDICINAL CHEMISTRY
260 _aRAMNAGAR
_bS.CHAND
300 _a156,p
650 _aPHARMACY
942 _cBK
999 _c7542
_d7540